| 000 | 02883nam0a2200421 4500 | ||
|---|---|---|---|
| 001 | RU\NLR\BIBL_A\012516354 | ||
| 005 | 20210721135338.0 | ||
| 010 |
_a978-5-7367-1595-4 _9500 |
||
| 021 |
_aRU _bКН-П-20-086407 _9КН-П-20-6574 |
||
| 035 | _a(NLR Aleph) 012516354 | ||
| 035 | _a(RuMoRGB)010533063 | ||
| 090 |
_a12303651 _c12303651 |
||
| 100 | _a20210512d2020 k y0rusy50 ca | ||
| 101 | 0 |
_arus _deng |
|
| 102 | _aRU | ||
| 105 | _aa|||z|||000zy | ||
| 181 | 0 |
_ai3 _baxxe |
|
| 182 | 0 | _an | |
| 200 | 1 |
_aИнновационные технологии и сельскохозяйственная техника за рубежом _eаналитический обзор _fГольтяпин В. Я., Мишуров Н. П., Федоренко В. Ф. [и др.] _gМинистерство сельского хозяйства Российской Федерации, Федеральное государственное бюджетное научное учреждение "Российский научно-исследовательский институт информации и технико-экономических исследований по инженерно-техническому обеспечению агропромышленного комплекса" (ФГБНУ "Росинформагротех") |
|
| 203 |
_aТекст _bвизуальный _cнепосредственный |
||
| 210 |
_aМосква _cФГБНУ "Росинформагротех" _d2020 |
||
| 215 |
_a171, [1] с. _cил., цв., табл. _d20 |
||
| 300 | _aАвт. указаны на обороте тит. с. в макете | ||
| 320 | _aБиблиогр.: с. 163-170 (91 назв.) | ||
| 606 | 1 |
_aСельскохозяйственные машины и орудия зарубежные _92103499 _3RU\NLR\AUTH\661271917 |
|
| 606 | 1 |
_aСельское хозяйство _xМеханизация _xИнновационные технологии _yЗарубежные страны _92483172 _3RU\NLR\AUTH\6601690422 |
|
| 686 | 1 | _aП071(0) | |
| 686 | 1 | _aП072(0) | |
| 701 | 1 |
_aГольтяпин _bВ. Я. _gВладимир Яковлевич |
|
| 701 | 1 |
_aМишуров _bН. П. _gНиколай Петрович |
|
| 701 | 1 |
_7ca _8rus _aФедоренко _bВ. Ф. _f1951- _gВячеслав Филиппович _957536 _3RU\NLR\AUTH\7774608 |
|
| 712 | 0 | 2 |
_4475 _aРоссийский НИИ информации и технико-экономических исследований по инженерно-техническому обеспечению агропромышленного комплекса _cпос. Правдинский, Московская обл. _9327418 _3RU\NLR\AUTH\8826104 |
| 942 | _cBOOK | ||
| 980 | _aNBR | ||
| 980 | _aNB | ||